Szczegóły MARC21

Elementy psychiatrii i psychologii medycznej w praktyce ogólnolekarskiej /

003 -Nazwa inst., której nr kontr. jest w polu 001 [,]
    • @
    • Nazwa instytucji, której n kontrolny jest w polu 001
    • NUKAT
005 -DATA I CZAS OSTATNIEJ MODYFIKACJI [,]
    • @
    • pole kontrolne
    • 20241231095029.0
040 -Instytucja sporządzająca opis [ , ]
    • a
    • Instytucja, która sporządziła opis (NP)
    • WR U/Psch
    • c
    • Instytucja, która sporządziła rekord (NP)
    • WR U/ds
    • d
    • Instytucja, która zmodyfikowała rekord (P)
    • WR U/dl
    • d
    • Instytucja, która zmodyfikowała rekord (P)
    • KR U/42GZ
    • d
    • Instytucja, która zmodyfikowała rekord (P)
    • KR U/42JCs
    • d
    • Instytucja, która zmodyfikowała rekord (P)
    • KR 295/BWs
942 -Rodzaj dokumentu [ , ]
    • c
    • Rodzaj dokumentu
    • Książka
100 -Hasło główne - nazwa osobowa [1, ]
    • a
    • Nazwa osobowa (NP)
    • Leder, Stefan
    • d
    • Daty biograficzne (NP)
    • (1919-2003).
    • 9
    • KHW
    • 407219
245 -Strefa tytułu i oznaczenia odpowiedzialności [1,0]
    • a
    • Tytuł
    • Elementy psychiatrii i psychologii medycznej w praktyce ogólnolekarskiej / Find
    • c
    • Pozostałe elementy strefy tytułu i oznaczenia odpowiedzialności (NP)
    • [aut. Stefan Leder, Czesław Czabała, Maria M. Siwiak-Kobayashi] ; pod red. Stefana Ledera ; [Państwowy Szpital Kliniczny nr 1 im. prof. W. Orłowskiego, Centrum Medycznego Kształcenia Podyplomowego, Regionalny Ośrodek Doskonalenia Kadr Medycznych].
246 -Wariant tytułu [1,4]
    • a
    • Tytuł (NP)
    • Elementy psychiatrii i psychologii medycznej
260 -Strefa adresu wydawniczego [ , ]
    • a
    • Miejsce wydania (P)
    • Warszawa :
    • b
    • Nazwa wydawcy (P)
    • Wydawnictwo ZSL :
    • b
    • Nazwa wydawcy (P)
    • Regionalny Ośrodek Doskonalenia Kadr Medycznych,
    • c
    • Data wydania (P)
    • 1987.
300 -Strefa opisu fizycznego [ , ]
    • a
    • Określenie formy książki i/lub objętość (NP)
    • 262 s. ;
    • c
    • Format (NP)
    • 24 cm.
336 -Typ zawartości [ , ]
    • a
    • Termin opisujący typ zawartości
    • Tekst
    • b
    • Kod określający zawartość
    • txt
    • 2
    • Źródło (terminu i kodu)
    • rdacontent
337 -Typ mediów [ , ]
    • a
    • Tryb odtwarzania
    • Bez urządzenia pośredniczącego
    • b
    • Kod typu mediów
    • n
    • 2
    • Źródło (terminu i kodu)
    • rdamedia
338 -Typ/rodzaj nośnika [ , ]
    • a
    • Hasło opisujące typ nośnika
    • Wolumin
    • b
    • Kod typu nośnika
    • nc
    • 2
    • Źródło (terminu i kodu)
    • rdacarrier
490 -Strefa serii i książki wielotomowej - forma nie do wyszukiwania [1, ]
    • a
    • Tytuł (P)
    • Problemy Diagnostyki i Terapii Find
830 -Hasło dodatkowe serii i opisu książki wielotomowej - tytuł ujednolicony/tytuł [ ,0]
    • a
    • Tytuł ujednolicony/tytuł (NP)
    • Problemy Diagnostyki i Terapii
    • 9
    • KHW
    • 407221
500 -Uwaga ogólna [ , ]
    • a
    • Uwaga ogólna (NP)
    • U dołu s. tyt.: "Materiały szkoleniowe wydawane przez Regionalny Ośrodek Doskonalenia Kadr Medycznych".
504 -Uwaga dot. bibliogr. załącznikowej [ , ]
    • a
    • Uwaga dot. bibliografii załącznikowej
    • Bibliogr. s. 258-259.
506 -Uwaga dot. ograniczeń w rozpowszechnianiu [ , ]
    • a
    • Warunki rozpowszechniania
    • Do użytku wewnętrznego.
650 -Hasło przedmiotowe [ ,7]
    • a
    • Hasło przedmiotowe
    • Psychiatria.
    • 2
    • Źródło terminu
    • kaba
    • 9
    • KHW
    • 126919
650 -Hasło przedmiotowe [ ,7]
    • a
    • Hasło przedmiotowe
    • Psychologia.
    • 2
    • Źródło terminu
    • kaba
    • 9
    • KHW
    • 126960
650 -Hasło przedmiotowe [ ,7]
    • a
    • Hasło przedmiotowe
    • Psychopatologia.
    • 2
    • Źródło terminu
    • kaba
    • 9
    • KHW
    • 126994
650 -Hasło przedmiotowe [ ,7]
    • a
    • Hasło przedmiotowe
    • Zaburzenia zachowania.
    • 2
    • Źródło terminu
    • kaba
    • 9
    • KHW
    • 137231
700 -Hasło dodatkowe - nazwa osobowa [1, ]
    • a
    • Nazwa osobowa (NP)
    • Czabała, Jan Czesław. Find
    • 9
    • KHW
    • 25136
700 -Hasło dodatkowe - nazwa osobowa [1, ]
    • a
    • Nazwa osobowa (NP)
    • Siwiak-Kobayashi, Małgorzata. Find
    • 9
    • KHW
    • 407220
Lokalizacja Data inwentaryzacji Status udost. Numer inwentarzowy
BNS2017-03-171H.29534